| 000 | 00416nam a2200157Ia 4500 | ||
|---|---|---|---|
| 008 | 231217s9999 xx 000 0 und d | ||
| 041 | _aEnglish | ||
| 082 | _a621.381952 GOD2 R | ||
| 100 | _aGodse, Atul P Godse, Deepali | ||
| 245 | 0 | _aLogic design sem-III (CSE/ISE) | |
| 250 | _a2nd ed. | ||
| 260 |
_c2004 _bTechnical , _aNew Delhi |
||
| 300 | _axviii+604 | ||
| 650 | _aLogic,sem-III,(CSE/ISE) | ||
| 942 | _cAA | ||
| 999 |
_c174805 _d174805 |
||